Harvard business review on the mind of the leader

How do leaders view themselves? What thought processes govern their actions? In this insightful book, renowned leadership experts, including Warren Bennis and Daniel Goleman, probe the fascinating psychology of leadership. From the impact of narcissism on leaders' effectiveness to the crises an...

Cur síos iomlán

Đã lưu trong:
Sonraí Bibleagrafaíochta
Formáid: Leabhar
Teanga:Undetermined
Foilsithe: Boston, MA Harvard Business School Press 2005
Ábhair:
Clibeanna: Cuir Clib Leis
Gan Chlibeanna, Bí ar an gcéad duine leis an taifead seo a chlibeáil!
Thư viện lưu trữ: Trung tâm Học liệu Trường Đại học Cần Thơ
LEADER 00899nam a2200181Ia 4500
001 CTU_112717
008 210402s9999 xx 000 0 und d
020 |c 320000 
082 |a 658.4092 
082 |b H339 
245 0 |a Harvard business review on the mind of the leader 
260 |a Boston, MA 
260 |b Harvard Business School Press 
260 |c 2005 
520 |a How do leaders view themselves? What thought processes govern their actions? In this insightful book, renowned leadership experts, including Warren Bennis and Daniel Goleman, probe the fascinating psychology of leadership. From the impact of narcissism on leaders' effectiveness to the crises and challenges that each stage of leadership brings, this book helps leaders gain a deeper understanding of their complex role. 
650 |a Leadership 
904 |i Minh 
980 |a Trung tâm Học liệu Trường Đại học Cần Thơ